The hunting of Leviathan : (Record no. 77832)

MARC details
000 -LEADER
fixed length control field 01072nam a2200313 a 4500
001 - CONTROL NUMBER
control field vtls000074300
003 - CONTROL NUMBER IDENTIFIER
control field NLI
005 - DATE AND TIME OF LATEST TRANSACTION
control field 20210601193405.0
008 - FIXED-LENGTH DATA ELEMENTS--GENERAL INFORMATION
fixed length control field 101125s1969 enk 001 0 eng
020 ## - INTERNATIONAL STANDARD BOOK NUMBER
Terms of availability PND 15.00
039 #9 - LEVEL OF BIBLIOGRAPHIC CONTROL AND CODING DETAIL [OBSOLETE]
-- 201011250752
-- VLOAD
040 0# - CATALOGING SOURCE
Original cataloging agency NLI
Language of cataloging eng
Transcribing agency Entertech-2003
Description conventions AACR2
041 0# - LANGUAGE CODE
Language code of text/sound track or separate title eng
044 ## - COUNTRY OF PUBLISHING/PRODUCING ENTITY CODE
MARC country code enk
082 04 - DEWEY DECIMAL CLASSIFICATION NUMBER
Classification number 192
100 1# - MAIN ENTRY--PERSONAL NAME
Personal name Mintz, Samuel I. ,
Dates associated with a name 1923-
9 (RLIN) 175322
245 14 - TITLE STATEMENT
Title The hunting of Leviathan :
Remainder of title seventeenth-century reactions to the materialism and moral philosophy of Thomas Hobbes /
Statement of responsibility, etc. by Samuel I. Mintz
260 ## - PUBLICATION, DISTRIBUTION, ETC.
Place of publication, distribution, etc. Cambridge :
Name of publisher, distributor, etc. The University Press,
Date of publication, distribution, etc. 1969
300 ## - PHYSICAL DESCRIPTION
Extent x, 189 p. ;
Dimensions 22 cm.
504 ## - BIBLIOGRAPHY, ETC. NOTE
Bibliography, etc. note Includes bibliographical references and index
600 10 - SUBJECT ADDED ENTRY--PERSONAL NAME
Personal name Hobbes, Thomas,
Dates associated with a name 1588-1679.
Title of a work Leviathan
9 (RLIN) 175323
650 #0 - SUBJECT ADDED ENTRY--TOPICAL TERM
Topical term or geographic name entry element Materialism
Geographic subdivision England
General subdivision History
Chronological subdivision 17th century
9 (RLIN) 175324
650 #0 - SUBJECT ADDED ENTRY--TOPICAL TERM
Topical term or geographic name entry element Ethics
Geographic subdivision England
General subdivision History
Chronological subdivision 17th century
9 (RLIN) 175325
887 ## - NON-MARC INFORMATION FIELD
Content of non-MARC field
901 ## - LOCAL DATA ELEMENT A, LDA (RLIN)
a 393893
b 04.02.1970
902 ## - LOCAL DATA ELEMENT B, LDB (RLIN)
a E192 M668
949 ## - LOCAL PROCESSING INFORMATION (OCLC)
-- VIRTUAITEM
-- 10000
-- 100
6 PUR000393893ENG
942 ## - ADDED ENTRY ELEMENTS (KOHA)
Source of classification or shelving scheme Dewey Decimal Classification
Koha item type Books
Holdings
Withdrawn status Lost status Damaged status Not for loan Collection code Home library Current library Shelving location Date acquired Total Checkouts Full call number Barcode Date last seen Price effective from Koha item type
        New English National Library of India National Library of India New English - Main Stack Division     E192 M668 PUR000393893ENG 01/06/2021 01/06/2021 Books
                                                                           
web counter

Copyright ©2020 The National Library of India, Govt. of India ↔ Hosted by NVLI, MOC ↔ Technology and Design by National Library of India, Ministry of Culture, Govt. of India